000 01652nam a22002777a 4500
001 8243
003 FISKH
005 20250904145632.0
008 250904b cb ||||| |||| 00| 0 eng d
020 _a9780194645645
040 _aFISKH
_beng
_cFISKH
_dFISKH
050 _aTJ163.S725
082 _a333.79
100 _aSpilsbury, Louise
245 _aIncredible energy /
_cBy Louise & Richard Spilsbury
250 _aFirst published 2011
260 _aOxford :
_bOxford University Press,
_c2011.
300 _a56 pages :
_bcolor illustrations ;
_c21 cm .
490 _aOxford Read and Discover
_vLevel 6
505 _aP
520 _aRead and discover all about incredible energy... What is kinetic energy? What types of energy does electricity give us?This exciting new series of non-fiction readers provides interesting and educational content, with activities and project work. The readers are graded at four levels, from 3 to 6, suitable for students from age 8 and older. They can support Content and Language Integrated Learning (CLIL), and covera broad range of topics, within three curriculum areas:The World of Science and TechnologyThe Natural WorldThe World of Arts and Social StudiesAlso available for each reader:* Activity Book* Audio CD Pack (Reader and Audio CD)* Teacher's Notes and CLIL guidance at www.oup.com/elt/readanddiscoverActivity Book includes 16 pages of chapter-linked activities followed by after-reading whole book activities and a book review; focus on content, vocabulary, and grammar.
521 8 _a650
_bLexile estimate
521 8 _aP
_bRaz-Plus
942 _2ddc
_cBK
_n0
999 _c8243
_d8243